| 000 | 00490nam a2200133Ia 4500 | ||
|---|---|---|---|
| 008 | 170516s9999 xx 000 0 und d | ||
| 245 | _aSevere complications with irreversible electroporation of the pancreas in the presence of a metallic stent: a warning of a procedure that never should be performed | ||
| 260 | _bActa Radiologica Open | ||
| 260 | _c2014 | ||
| 300 | _a3:11 | ||
| 650 | _xRadiologic Technology | ||
| 650 | _xRadtech | ||
| 856 | _uhttp://journals.sagepub.com/toc/arra/3/11 | ||
| 999 |
_c332816 _d332816 |
||